Glass forming ability and magnetism of Co-based ternary metallic glasses

Podrobná bibliografia
Hlavní autori: Śniadecki, Z. (Author), Idzikowski, B. (Author), Marcin, J. (Author), Kováč, J. (Author), Škorvánek, I. (Author)
Médium: Článok
Jazyk:English
Témy:
Zdroj: 1. 15 th Czech and Slovak Conference on Magnetism CSMAG´13 1. Košice : Pavol Jozef Šafárik University in Košice 1. S. 78 1. 9788081520150
LEADER 01257nab#a2200397#ar4500
001 000118821
003 SVKKK
005 20161219114546.0
008 161123c2013 xo |||||||||||||||b|eng
FMT
015 |a SNBRB2016/12 
038 |a SVKKK 
040 |a SVKKK  |b slo  |e AACR2 
041 0 |b eng 
044 |a xo  |c SK 
080 |a 666.1.032  |x (048.3)  |2 2011 
090 |a III.228989 
242 1 0 |a Schopnosť tvarovania skla a magnetizmus na báze Co ternárnych kovových skiel  |y slo 
245 0 0 |a Glass forming ability and magnetism of Co-based ternary metallic glasses  |c Z. Śniadecki ... [et al.] 
546 |a Res. angl. 
611 2 4 |a Czech and Slovak Conference on Magnetism CSMAG´13  |g vedecká konferencia  |n (15. :  |d 17.-21.7.2013 :  |c Košice) 
650 0 4 |a tvarovanie skla 
650 0 4 |a kovové sklo 
650 0 4 |a abstrakty 
700 1 |a Śniadecki, Z.  |4 aut 
700 1 |a Idzikowski, B.  |4 aut 
700 1 |a Marcin, J.  |4 aut 
700 1 |a Kováč, J.  |4 aut 
700 1 |a Škorvánek, I.  |4 aut 
773 0 |t 15 th Czech and Slovak Conference on Magnetism CSMAG´13  |d Košice : Pavol Jozef Šafárik University in Košice  |g S. 78  |x 9788081520150 
974 |a CER 
992 |a RBX 
BAS
852 |a SVKKK  |b BIB 
EXP
998 |a REG